[Event "Leitersdorf Region-ch"]
[Site "Leitersdorf"]
[Date "2017.01.07"]
[Round "4.10"]
[White "Mueller, Gerhard1111"]
[Black "Moik, Franz"]
[Result "1-0"]
[WhiteElo "1723"]
[BlackElo "1901"]
[PlyCount "63"]
[EventDate "2017.01.04"]
[EventType "swiss"]
[EventRounds "5"]
[EventCountry "AUT"]
[SourceTitle "EXT 2024"]
[Source "ChessBase"]
[SourceDate "2023.10.10"]
[SourceVersion "1"]
[SourceVersionDate "2023.10.10"]
[SourceQuality "1"]

1. Nf3 Nf6 2. c4 g6 3. b4 Bg7 4. Bb2 0-0 5. g3 d6 6. Bg2 c6 7. 0-0 Bg4 8. Qb3 Qc8 9. Rd1 Na6 10. Nc3 Bh3 11. Bh1 Rb8 12. Rac1 Nc7 13. d4 Bh6 14. e3 Bg4 15. Rd2 Bxf3 16. Bxf3 Qf5 17. Bg2 Qh5 18. Ne2 d5 19. Nf4 Bxf4 20. exf4 dxc4 21. Qxc4 Nfd5 22. Re1 e6 23. a4 g5 24. fxg5 Qxg5 25. Rde2 f5 26. Bxd5 Nxd5 27. Rxe6 Rf7 28. Bc1 Qg4 29. Bh6 Rd7 30. b5 Qf3 31. bxc6 bxc6 32. Qxc6 1-0

[Event "Leitersdorf op"]
[Site "Leitersdorf"]
[Date "2016.01.02"]
[Round "1"]
[White "Niesswohl, Werner"]
[Black "Moik, Franz"]
[Result "0-1"]
[WhiteElo "1596"]
[BlackElo "1879"]
[PlyCount "98"]
[EventDate "2016.01.02"]
[EventType "swiss"]
[EventRounds "5"]
[EventCountry "AUT"]
[SourceTitle "CBM 170 Extra"]
[Source "ChessBase"]
[SourceDate "2016.02.25"]
[SourceVersion "1"]
[SourceVersionDate "2016.02.25"]
[SourceQuality "1"]

1. e4 g6 2. d4 Bg7 3. Nf3 d6 4. h3 Nf6 5. Nc3 0-0 6. Bd3 a6 7. 0-0 b5 8. a3 Bb7 9. Re1 Nbd7 10. Be3 Rc8 11. b4 c5 12. bxc5 dxc5 13. dxc5 Nxc5 14. Bd4 Ne6 15. Ne2 Nxe4 16. Bxg7 Nxg7 17. Rc1 Ne6 18. c4 Qb6 19. Bxe4 Bxe4 20. Ned4 Bxf3 21. Nxf3 Rfd8 22. Qb3 Nd4 23. Nxd4 Qxd4 24. cxb5 axb5 25. Rxc8 Rxc8 26. Rd1 Qe5 27. Rb1 Rc5 28. Qb4 Qf5 29. Rf1 e6 30. Qd2 Rd5 31. Qc3 Rd3 32. Qb4 Qd5 33. Qb1 Rb3 34. Qa2 Qd3 35. a4 Ra3 36. Qb1 Qxb1 37. Rxb1 bxa4 38. Rb4 Ra1+ 39. Kh2 Kf8 40. Kg3 a3 41. Kf3 a2 42. Rb2 Ke7 43. Kf4 Kf6 44. Re2 h5 45. Ke4 g5 46. g4 hxg4 47. hxg4 Rg1 48. Rxa2 Rxg4+ 49. Kf3 Rc4 0-1

[Event "Graz op-B"]
[Site "Graz"]
[Date "2015.02.16"]
[Round "5"]
[White "Moik, Franz"]
[Black "Kopischke, Maik"]
[Result "1/2-1/2"]
[WhiteElo "1895"]
[BlackElo "1846"]
[PlyCount "26"]
[EventDate "2015.02.13"]
[EventType "swiss"]
[EventRounds "9"]
[EventCountry "AUT"]
[SourceTitle "CBM 165 Extra"]
[Source "ChessBase"]
[SourceDate "2015.04.21"]
[SourceVersion "1"]
[SourceVersionDate "2015.04.21"]
[SourceQuality "1"]

1. d4 Nf6 2. Nf3 c5 3. c4 g6 4. Nc3 Bg7 5. g3 0-0 6. Bg2 cxd4 7. Nxd4 Nc6 8. 0-0 Nxd4 9. Qxd4 d6 10. Qd3 Rb8 11. Be3 Bf5 12. Qd1 b6 13. Rc1 Qd7 1/2-1/2

[Event "Leitersdorf Region-ch"]
[Site "Leitersdorf"]
[Date "2015.01.05"]
[Round "4"]
[White "Almer, Gerald"]
[Black "Moik, Franz"]
[Result "1-0"]
[WhiteElo "2094"]
[BlackElo "1891"]
[PlyCount "91"]
[EventDate "2015.01.02"]
[EventType "swiss"]
[EventRounds "5"]
[EventCountry "AUT"]
[SourceTitle "CBM 164 Extra"]
[Source "ChessBase"]
[SourceDate "2015.03.02"]
[SourceVersion "1"]
[SourceVersionDate "2015.03.02"]
[SourceQuality "1"]

1. d4 g6 2. c4 Nf6 3. Nc3 d5 4. cxd5 Nxd5 5. Na4 Bg7 6. e4 Nb6 7. Be3 0-0 8. Nc3 Nc6 9. d5 Ne5 10. Qb3 Ng4 11. Bc5 Nd7 12. Ba3 Bd4 13. Nh3 Bc5 14. Be2 Bxa3 15. Qxa3 Nb6 16. Qb3 e5 17. a4 h5 18. a5 Nd7 19. Qc4 a6 20. Rc1 b5 21. Qc6 Ra7 22. Nd1 Qe7 23. 0-0 Kg7 24. f3 Nh6 25. Qc3 f5 26. Qe3 Rb7 27. f4 Ng4 28. Bxg4 hxg4 29. Ng5 Nf6 30. exf5 Bxf5 31. Ne6+ Bxe6 32. Qxe5 Qd6 33. Rc6 Qxd5 34. Rxe6 c6 35. Ne3 Qxe5 36. fxe5 Nd5 37. Rxf8 Kxf8 38. Nxg4 Nb4 39. Rxg6 Rd7 40. h4 Rg7 41. Rf6+ Ke7 42. Ne3 Rh7 43. Nf5+ Ke8 44. h5 c5 45. h6 c4 46. Rb6 1-0

[Event "Styrian op-B"]
[Site "Bad Gleichenberg"]
[Date "2014.07.09"]
[Round "5"]
[White "Morgunov, Marc"]
[Black "Moik, Franz"]
[Result "1/2-1/2"]
[WhiteElo "1612"]
[BlackElo "1934"]
[PlyCount "114"]
[EventDate "2014.07.05"]
[EventType "swiss"]
[EventRounds "9"]
[EventCountry "AUT"]
[SourceTitle "EXT 2016"]
[Source "ChessBase"]
[SourceDate "2015.10.08"]
[SourceVersion "1"]
[SourceVersionDate "2015.10.08"]
[SourceQuality "1"]

1. e4 g6 2. d4 Bg7 3. Nc3 d6 4. Be3 Nf6 5. Qd2 a6 6. Bh6 0-0 7. Bxg7 Kxg7 8. h4 h5 9. Nf3 b5 10. Ng5 Bb7 11. f3 Nbd7 12. Rg1 c5 13. dxc5 Nxc5 14. 0-0-0 Qb6 15. Be2 Rac8 16. Nd5 Bxd5 17. exd5 Ncd7 18. g4 Rc5 19. gxh5 Rxd5 20. Bd3 Nxh5 21. Nxf7 Rxf7 22. Rxg6+ Kf8 23. Qh6+ Ke8 24. Rg8+ Nf8 25. Rxf8+ Rxf8 26. Bg6+ Kd7 27. Rxd5 Nf6 28. Bf5+ Ke8 29. Bg6+ Kd7 30. Rd1 Rg8 31. h5 Qc5 32. Qf4 Kc7 33. Re1 Kd8 34. Qe3 Qxe3+ 35. Rxe3 e5 36. Ra3 Kc7 37. Rxa6 Rh8 38. a4 bxa4 39. Rxa4 Nd5 40. Ra7+ Kb6 41. Rh7 Rf8 42. Be4 Nf6 43. Rg7 Nxh5 44. Rg6 Rd8 45. b4 Nf4 46. Rh6 Kb5 47. c3 Kc4 48. Kc2 Rd7 49. Bf5 Rd8 50. Be6+ d5 51. Bh3 d4 52. Rc6+ Kd5 53. Rc5+ Kd6 54. Bf5 Rh8 55. cxd4 exd4 56. Be4 Rh2+ 57. Kd1 Rh1+ 1/2-1/2

[Event "Styrian op-B"]
[Site "Bad Gleichenberg"]
[Date "2014.07.05"]
[Round "1"]
[White "Meixner, Peter"]
[Black "Moik, Franz"]
[Result "1/2-1/2"]
[WhiteElo "1772"]
[BlackElo "1934"]
[PlyCount "32"]
[EventDate "2014.07.05"]
[EventType "swiss"]
[EventRounds "9"]
[EventCountry "AUT"]
[SourceTitle "EXT 2016"]
[Source "ChessBase"]
[SourceDate "2015.10.08"]
[SourceVersion "1"]
[SourceVersionDate "2015.10.08"]
[SourceQuality "1"]

1. d4 g6 2. c4 Nf6 3. Nc3 d5 4. cxd5 Nxd5 5. e4 Nxc3 6. bxc3 Bg7 7. Nf3 c5 8. Rb1 0-0 9. Be2 cxd4 10. cxd4 Qa5+ 11. Qd2 Qxd2+ 12. Bxd2 Nc6 13. d5 Nd4 14. Nxd4 Bxd4 15. 0-0 b6 16. Bh6 Rd8 1/2-1/2

[Event "Graz Casino op-B"]
[Site "Graz"]
[Date "2014.02.16"]
[Round "3"]
[White "Jacobsen, Trond"]
[Black "Moik, Franz"]
[Result "1/2-1/2"]
[WhiteElo "1641"]
[BlackElo "1943"]
[PlyCount "58"]
[EventDate "2014.02.14"]
[EventType "swiss"]
[EventRounds "9"]
[EventCountry "AUT"]
[SourceTitle "CBM 158 Extra"]
[Source "ChessBase"]
[SourceDate "2014.02.28"]
[SourceVersion "1"]
[SourceVersionDate "2014.02.28"]
[SourceQuality "1"]

1. d4 g6 2. c4 f5 3. g3 Bg7 4. Bg2 Nf6 5. Nc3 0-0 6. Nf3 d6 7. 0-0 a5 8. e3 Qe8 9. Qc2 e5 10. dxe5 dxe5 11. b3 Nc6 12. a3 e4 13. Nd4 Ne5 14. Rd1 c6 15. Bb2 Nfg4 16. h3 Nf6 17. Rab1 Nfd7 18. Bf1 Nc5 19. Na2 Ncd3 20. Ba1 Nc5 21. Nc1 Ne6 22. Nxe6 Bxe6 23. Ne2 Nf3+ 24. Kg2 Bxa1 25. Rxa1 Ne5 26. Nd4 Bf7 27. Be2 Qe7 28. Qc3 Rfd8 29. c5 Bd5 1/2-1/2

[Event "Graz Casino op-B"]
[Site "Graz"]
[Date "2014.02.16"]
[Round "4"]
[White "Moik, Franz"]
[Black "Prato, Simon"]
[Result "1-0"]
[WhiteElo "1943"]
[BlackElo "1500"]
[PlyCount "55"]
[EventDate "2014.02.14"]
[EventType "swiss"]
[EventRounds "9"]
[EventCountry "AUT"]
[SourceTitle "CBM 158 Extra"]
[Source "ChessBase"]
[SourceDate "2014.02.28"]
[SourceVersion "1"]
[SourceVersionDate "2014.02.28"]
[SourceQuality "1"]

1. b3 d5 2. Bb2 c5 3. g3 Nc6 4. Bg2 e5 5. d3 Nf6 6. Nd2 Bd6 7. Ngf3 0-0 8. 0-0 Re8 9. c4 e4 10. dxe4 dxe4 11. Ng5 e3 12. fxe3 Ne5 13. Nde4 Nxe4 14. Nxe4 Bc7 15. Qxd8 Bxd8 16. Nd6 Re7 17. Bxe5 Rxe5 18. Nxf7 Re8 19. Nxd8 Rxd8 20. Bd5+ Kh8 21. Rf7 Re8 22. Raf1 Bg4 23. R1f2 h6 24. e4 Rad8 25. Rxb7 Bh5 26. Rxa7 Rf8 27. Rxf8+ Rxf8 28. Ra8 1-0

[Event "Leitersdorf Region-ch"]
[Site "Leitersdorf"]
[Date "2014.01.04"]
[Round "3"]
[White "Ussar, Reinhard"]
[Black "Moik, Franz"]
[Result "1/2-1/2"]
[WhiteElo "1768"]
[BlackElo "1940"]
[PlyCount "47"]
[EventDate "2014.01.02"]
[EventType "swiss"]
[EventRounds "5"]
[EventCountry "AUT"]
[SourceTitle "CBM 158 Extra"]
[Source "ChessBase"]
[SourceDate "2014.02.28"]
[SourceVersion "1"]
[SourceVersionDate "2014.02.28"]
[SourceQuality "1"]

1. e4 d6 2. d4 Nf6 3. Nc3 g6 4. f4 Bg7 5. Be2 0-0 6. Nf3 a6 7. Be3 b5 8. e5 Ng4 9. Bg1 Bb7 10. h3 Nh6 11. Qd3 Nd7 12. Ne4 Nf5 13. Bf2 Bxe4 14. Qxe4 e6 15. 0-0-0 d5 16. Qd3 Rc8 17. g4 Nh6 18. Qa3 Nb6 19. Qxa6 c6 20. Qb7 Na4 21. Bh4 Qa5 22. Be1 Qd8 23. Bh4 Qa5 24. Be1 1/2-1/2

[Event "Lienz op 17th"]
[Site "Lienz"]
[Date "2013.02.13"]
[Round "6"]
[White "Hollan, Petr"]
[Black "Moik, Franz"]
[Result "1/2-1/2"]
[WhiteElo "1798"]
[BlackElo "2009"]
[PlyCount "79"]
[EventDate "2013.02.09"]
[EventType "swiss"]
[EventRounds "9"]
[EventCountry "AUT"]
[SourceTitle "CBM 152 Extra"]
[Source "ChessBase"]
[SourceDate "2013.02.25"]
[SourceVersion "1"]
[SourceVersionDate "2013.02.25"]
[SourceQuality "1"]

1. e4 e6 2. d4 d5 3. exd5 exd5 4. Bd3 Bd6 5. c3 Nf6 6. Ne2 0-0 7. Bf4 Bxf4 8. Nxf4 Re8+ 9. Ne2 Bg4 10. 0-0 c6 11. Na3 Nbd7 12. Nc2 Bxe2 13. Bxe2 Qc7 14. Ne3 Qf4 15. g3 Qc7 16. Bd3 Ne4 17. Qc2 Ndf6 18. Rae1 Qd7 19. f3 Nd6 20. g4 g6 21. Qf2 Kg7 22. Kh1 Ng8 23. Rg1 Qd8 24. Qg3 Re6 25. Ng2 Rxe1 26. Rxe1 Qd7 27. Rg1 Re8 28. h4 Nc4 29. b3 Nd6 30. h5 g5 31. f4 h6 32. fxg5 hxg5 33. Ne3 Nh6 34. Rf1 Ne4 35. Qf3 Qe6 36. Qg2 Ng3+ 37. Qxg3 Qxe3 38. Rf3 Qc1+ 39. Kh2 Re1 40. Rf1 1/2-1/2

[Event "Leitersdorf Region-ch"]
[Site "Leitersdorf"]
[Date "2013.01.04"]
[Round "3"]
[White "Moik, Franz"]
[Black "Lafer, David"]
[Result "1-0"]
[WhiteElo "2009"]
[BlackElo "1525"]
[PlyCount "61"]
[EventDate "2013.01.02"]
[EventType "swiss"]
[EventRounds "5"]
[EventCountry "AUT"]
[SourceTitle "CBM 152 Extra"]
[Source "ChessBase"]
[SourceDate "2013.02.25"]
[SourceVersion "1"]
[SourceVersionDate "2013.02.25"]
[SourceQuality "1"]

1. d4 d5 2. Nf3 Nf6 3. e3 e6 4. Bd3 Nbd7 5. 0-0 Bd6 6. Nbd2 0-0 7. Re1 e5 8. e4 dxe4 9. Nxe4 Nxe4 10. Bxe4 Kh8 11. dxe5 Nxe5 12. Nxe5 Bxe5 13. Qh5 f5 14. Bd3 g6 15. Qf3 Qd6 16. Bh6 Bg7 17. Bxg7+ Kxg7 18. Bc4 c6 19. Rad1 Qf6 20. Qa3 b6 21. Rd6 Qh4 22. Rxc6 Rd8 23. Rc7+ Kh6 24. Qe3+ f4 25. Qe5 Rd2 26. Qg7+ Kg5 27. Qe7+ Kg4 28. h3+ Kh5 29. Qxh7+ Kg5 30. Qe7+ Kh5 31. Be2+ 1-0

[Event "Leitersdorf Region-ch"]
[Site "Leitersdorf"]
[Date "2012.01.07"]
[Round "5.1"]
[White "Schriebl, Alexander"]
[Black "Moik, Franz"]
[Result "0-1"]
[WhiteElo "2080"]
[BlackElo "2046"]
[PlyCount "72"]
[EventDate "2012.01.03"]
[EventType "swiss"]
[EventRounds "5"]
[EventCountry "AUT"]
[SourceTitle "EXT 2013"]
[Source "ChessBase"]
[SourceDate "2012.11.22"]
[SourceVersion "1"]
[SourceVersionDate "2012.11.22"]
[SourceQuality "1"]

1. d4 Nf6 2. c4 c5 3. d5 b5 4. cxb5 a6 5. bxa6 Bxa6 6. Nc3 d6 7. e4 Bxf1 8. Kxf1 Nbd7 9. Nge2 g6 10. Nf4 Bg7 11. g4 Nb6 12. h4 Qc8 13. g5 Nfd7 14. Qf3 Ne5 15. Qh3 Qa6+ 16. Kg2 h5 17. gxh6 Bxh6 18. a4 Nbc4 19. Nb5 Qb7 20. b3 Nb6 21. Nd3 Bg7 22. Nxe5 Bxe5 23. Ra2 Bf6 24. Qg3 Rh5 25. Qxd6 Be5 26. Qc6+ Qxc6 27. dxc6 Rc8 28. f4 Bf6 29. Kg3 Rxc6 30. e5 Bg7 31. a5 Na8 32. a6 Rb6 33. e6 Rxe6 34. Ba3 Re3+ 35. Kf2 Rxb3 36. Na7 c4 0-1

[Event "Leitersdorf Region-ch"]
[Site "Leitersdorf"]
[Date "2012.01.04"]
[Round "2"]
[White "Moik, Franz"]
[Black "Fauland, Peter"]
[Result "0-1"]
[WhiteElo "2046"]
[BlackElo "2229"]
[PlyCount "84"]
[EventDate "2012.01.03"]
[EventType "swiss"]
[EventRounds "5"]
[EventCountry "AUT"]
[SourceTitle "EXT 2013"]
[Source "ChessBase"]
[SourceDate "2012.11.22"]
[SourceVersion "1"]
[SourceVersionDate "2012.11.22"]
[SourceQuality "1"]

1. d4 d6 2. Nf3 Nd7 3. g3 Ngf6 4. Bg2 c6 5. 0-0 Qc7 6. c4 e5 7. Nc3 a6 8. Bg5 Be7 9. Rc1 h6 10. Bxf6 Nxf6 11. e3 Bg4 12. Qc2 0-0 13. h3 Be6 14. b3 Qa5 15. b4 Qc7 16. c5 Nd7 17. Rfd1 d5 18. dxe5 a5 19. a3 Nxe5 20. Nd4 Nc4 21. Ra1 Bf6 22. b5 Rac8 23. Ra2 Qe5 24. e4 dxe4 25. Nxe6 Qxe6 26. Nxe4 cxb5 27. Nxf6+ Qxf6 28. a4 Rxc5 29. axb5 b6 30. Qe2 Nd6 31. Bc6 Nc8 32. Rad2 Na7 33. Rd6 Qe5 34. Qd2 Nxb5 35. Bxb5 Rxb5 36. Rd8 Rxd8 37. Qxd8+ Kh7 38. g4 Rb2 39. Qd3+ g6 40. Qd7 Kg7 41. Qc8 a4 42. Qc4 a3 0-1